|
|
|
|
| LEADER |
00000nab#a22000007a#4500 |
| 001 |
arbauad029914 |
| 003 |
AR-BaUAD |
| 005 |
20250711112420.0 |
| 008 |
980210|||||||||###||||||b###|0###a|spa|| |
| 040 |
|
|
|a AR-BaUAD
|c AR-BaUAD
|b spa
|
| 245 |
1 |
0 |
|a Il senso della misura
|b Edificio per uffici dellla Societa Adriatica gas a Padova
|
| 300 |
0 |
|
|b axonom., cortes, fot., plantas, vistas
|
| 653 |
|
|
|a EDIFICIOS DE OFICINAS
|
| 653 |
|
|
|a MARINI-POLIN
|
| 653 |
|
|
|a POLIN, GIACOMO
|
| 653 |
|
|
|a MARINI, GIULIO
|
| 653 |
|
|
|a ITALIA
|
| 653 |
|
|
|a PADUA
|
| 773 |
0 |
|
|t CASABELLA
|g no. 645 [1997], p. 36-43
|
| 942 |
|
|
|c ARTI
|
| 952 |
|
|
|0 0
|1 0
|4 0
|7 0
|9 74833
|a AR-BAuAD
|b AR-BAuAD
|d 2025-07-11
|l 0
|p AAQA029914
|r 2025-07-11 11:24:20
|w 2025-07-11
|y ARTI
|
| 990 |
|
|
|a AQ199
|b TD
|
| 998 |
|
|
|a AAQ
|b BIBUN76
|
| 999 |
|
|
|c 54506
|d 54506
|